[Event "JUG Cup"]
[Site "Ulcinj"]
[Date "1998.??.??"]
[Round "5"]
[White "Lekic, Dusan"]
[Black "Zontakh, Andrey"]
[Result "1/2-1/2"]
[WhiteElo "2390"]
[BlackElo "2545"]

1.e4 c5 2.Nf3 Nc6 3.d4 cxd4 4.Nxd4 Nf6 5.Nc3 d6 6.Bg5 e6 7.Qd2 a6 8.O-O-O h6
9.Bf4 Bd7 10.Nxc6 Bxc6 11.f3 d5 12.Qe1 Bb4 13.a3 Ba5 14.b4 Bb6 15.exd5 Bxd5
16.Be5 O-O 17.Qh4 a5 18.Bxf6 Qxf6 19.Qxf6 gxf6 20.Nxd5 exd5 21.Bb5 axb4 22.axb4 Bd4
23.Kd2 Ra3 24.Ke2 Re3+ 25.Kf2 Bb6 26.Kg3 Rc8 27.Bd3 Rce8 28.Kg4 Kg7 29.Rhf1 h5+
30.Kh3 Ra8  1/2-1/2

[Event "JUG Cup"]
[Site "Ulcinj"]
[Date "1998.??.??"]
[Round "6"]
[White "Pavlovic, Milos"]
[Black "Todorovic, Jovan"]
[Result "1/2-1/2"]
[WhiteElo "2535"]
[BlackElo "2355"]

1.e4 c5 2.Nf3 d6 3.d4 cxd4 4.Nxd4 Nf6 5.Nc3 Nc6 6.Bg5 e6 7.Qd2 Qb6 8.Nb3 Be7
9.Bxf6 gxf6 10.Be2 a6 11.O-O h5 12.a4 Na5 13.Nd4 Bd7 14.Rfe1 Nc6 15.Nxc6 Bxc6
16.Bf1 Kf8 17.Reb1 Qb4 18.Bd3 d5 19.exd5 Bxd5 20.Qe2 Bc6 21.Be4 Bxe4 22.Nxe4 f5
23.Nd2 Rd8 24.Nc4 h4 25.c3 Qc5 26.h3 Kg7 27.Qe5+ Qxe5 28.Nxe5 Rd5 29.Nf3 Rhd8
30.Kf1 e5 31.Ke2 e4 32.Nd4 Bc5 33.Nb3 Ba7 34.Rd1 Rxd1 35.Rxd1 Rxd1 36.Kxd1 Bxf2
37.Ke2 Bg1 38.Na5 b6 39.Nc4 Kf6 40.Kf1 Bc5 41.b4 b5 42.axb5 axb5 43.Na3 Bd6
44.Nxb5 Be5 45.c4 Ke6 46.Ke2 f4 47.Kd2 Kd7 48.Ke2  1/2-1/2

[Event "JUG Cup"]
[Site "Ulcinj"]
[Date "1998.??.??"]
[Round "6"]
[White "Zontakh, Andrey"]
[Black "Simonovic, Aleksandar"]
[Result "1-0"]
[WhiteElo "2545"]
[BlackElo "2430"]

1.e4 c5 2.Nf3 d6 3.d4 cxd4 4.Nxd4 Nf6 5.Nc3 Nc6 6.Bg5 e6 7.Qd2 a6 8.O-O-O Bd7
9.f4 b5 10.Bxf6 gxf6 11.Kb1 Qb6 12.Nxc6 Bxc6 13.Qe1 Ra7 14.f5 h5 15.fxe6 fxe6
16.Bd3 Rg7 17.Rf1 Be7 18.g3 Qc5 19.Ne2 Bd8 20.Nf4 Kd7 21.Rf3 Qe5 22.Bf1 Bb6
23.Rfd3 Kc7 24.Bh3 Re8 25.Rxd6 f5 26.Rxc6+ Kxc6 27.Nd3 Qc7 28.exf5 Kb7 29.fxe6 Ka7
30.Bg2 a5 31.Nf4 h4 32.Rd5 hxg3 33.hxg3 b4 34.Rb5 Rc8 35.Be4 Qc4 36.Bd3 Qd4
37.Nd5 Qf2 38.Rxa5+ Kb8 39.Qxf2 Bxf2 40.Rb5+ Ka7 41.Rxb4 Re8 42.e7 Rg5 43.Rb5 Bxg3
44.Nb4 Be5 45.a3 Rg1+ 46.Ka2 Bd6 47.Nc6+ Ka8 48.Be4 Re1 49.Bd5 Bxe7 50.Nb8+ Ka7
51.Rb7+ Ka8 52.Na6  1-0

[Event "JUG Cup"]
[Site "Ulcinj"]
[Date "1998.??.??"]
[Round "6"]
[White "Lekic, Dusan"]
[Black "Popovic, Petar"]
[Result "1/2-1/2"]
[WhiteElo "2390"]
[BlackElo "2525"]

1.e4 c5 2.Nf3 d6 3.d4 cxd4 4.Nxd4 Nf6 5.Nc3 Nc6 6.Bg5 e6 7.Qd2 a6 8.O-O-O Nxd4
9.Qxd4 Be7 10.f4 b5 11.Bxf6 gxf6 12.Be2 Bd7 13.f5 Qa5 14.a3 Rb8 15.Qa7 Qb6
16.Qxb6 Rxb6 17.Bd3 Rf8 18.Rhf1  1/2-1/2

[Event "Vienna op 13th"]
[Site "Vienna"]
[Date "1998.??.??"]
[Round "?"]
[White "Lau, Ralf"]
[Black "Wittmann, Walter"]
[Result "1/2-1/2"]
[WhiteElo "2475"]
[BlackElo "2375"]

1.e4 c5 2.Nf3 d6 3.d4 cxd4 4.Nxd4 Nf6 5.Nc3 Nc6 6.Bg5 e6 7.Qd2 Be7 8.O-O-O O-O
9.f4 Nxd4 10.Qxd4 h6 11.Bh4 Qa5 12.Bc4 Qh5 13.Bg3 Rd8 14.Rd2 Bd7 15.Rhd1 Bc6
16.Qe3 Qa5 17.Bb3 b5 18.Kb1  1/2-1/2

[Event "GER-ch int Seniors"]
[Site "Weilburg"]
[Date "1998.??.??"]
[Round "6"]
[White "Klovans, Janis"]
[Black "Chernikov, Oleg L"]
[Result "1/2-1/2"]
[WhiteElo "2465"]
[BlackElo "2405"]

1.e4 c5 2.Nf3 Nc6 3.d4 cxd4 4.Nxd4 Nf6 5.Nc3 d6 6.Bg5 g6 7.Bb5 Bd7 8.Bxf6 exf6
9.O-O Bg7 10.Nde2 Be6 11.Qd2 O-O 12.Rad1 f5 13.Nf4 Bc8 14.Rfe1 Nd4 15.Nfd5 Qa5
16.exf5 Bxf5 17.Bd3 Bg4 18.Qg5 Bf5 19.Nf6+ Bxf6 20.Qxf6 Ne6 21.Bxf5 Qxf5
22.Qxf5 gxf5 23.Rxd6 Rfd8 24.Red1 Rxd6 25.Rxd6 Rc8 26.Kf1 Kg7 27.Ke2 Kf6
28.g3 f4 29.Rd7 fxg3 30.hxg3 Nc5 31.Rd5 b6 32.Rd6+ Kg7 33.Kf3 Ne6 34.Ke3 h5
35.a4 Re8 36.Kd2 Nc5 37.b4 Ne4+ 38.Nxe4 Rxe4 39.c3 h4 40.Kd3 Re1 41.Kd2 h3
42.Kxe1 h2 43.Rd4 h1=Q+ 44.Ke2 Qc1 45.b5 Qc2+ 46.Kf1 Qxc3 47.Rf4 Kf8 48.Kg2 Ke7
49.Re4+ Kd7 50.Rf4 Qb3 51.Kh3 Kc7 52.Kg2 Kb7 53.Kf1 a6 54.bxa6+ Kxa6 55.Ke2 Qc2+
56.Ke3 Ka5 57.Rh4 Qb3+ 58.Ke2 Qc3 59.Rf4  1/2-1/2

[Event "POL-chT2"]
[Site "Wisla"]
[Date "1998.??.??"]
[Round "?"]
[White "Dubas, L."]
[Black "Swol, Michal"]
[Result "1-0"]
[WhiteElo "2220"]
[BlackElo "2250"]

1.e4 c5 2.Nf3 Nc6 3.d4 cxd4 4.Nxd4 Nf6 5.Nc3 d6 6.Bg5 e6 7.Qd2 a6 8.O-O-O h6
9.Bf4 Bd7 10.Nb3 Ne5 11.Be2 b5 12.f3 b4 13.Nb1 a5 14.Nd4 Qb6 15.g4 Rc8 16.Be3 Qb7
17.h4 d5 18.g5 Ng8 19.exd5 Qxd5 20.Rhe1 Bc5 21.f4 Nc6 22.Bf3 Qd6 23.Nb5 Qxd2+
24.Nxd2 Be7 25.Nc4 Rd8 26.Nbd6+ Bxd6 27.Rxd6 Kf8  1-0

[Event "POL-chT2"]
[Site "Wisla"]
[Date "1998.??.??"]
[Round "?"]
[White "Dubas, L."]
[Black "Szkatula, Leszek"]
[Result "1/2-1/2"]
[WhiteElo "2220"]
[BlackElo "2295"]

1.e4 c5 2.Nf3 d6 3.Nc3 Nf6 4.d4 cxd4 5.Nxd4 Nc6 6.Bg5 e6 7.Qd2 a6 8.O-O-O Nxd4
9.Qxd4 Be7 10.f4 b5 11.e5 dxe5 12.Qxe5 Qb6 13.Kb1 O-O 14.Bd3 Bb7 15.f5 Ng4
16.Qf4 Bxg5 17.Qxg5 exf5 18.Qxf5 Nf6 19.Rhf1 Rad8 20.Qg5 Rd6 21.Qh4 g6 22.g4 b4
23.Na4 Qc6 24.Nc5  1/2-1/2

[Event "POL-chT2"]
[Site "Wisla"]
[Date "1998.??.??"]
[Round "?"]
[White "Krogulski, Grzegorz"]
[Black "Bielczyk, Jacek"]
[Result "1/2-1/2"]
[WhiteElo "2325"]
[BlackElo "2370"]

1.e4 c5 2.Nf3 Nc6 3.d4 cxd4 4.Nxd4 Nf6 5.Nc3 d6 6.Bg5 e6 7.Qd2 a6 8.O-O-O Bd7
9.f3 Be7 10.h4 Nxd4 11.Qxd4 b5 12.Kb1 Bc6  1/2-1/2

[Event "POL-chT2"]
[Site "Wisla"]
[Date "1998.??.??"]
[Round "?"]
[White "Dobrowolski, Aleksander"]
[Black "Kasprzyk, Tomasz"]
[Result "1-0"]
[WhiteElo "2160"]
[BlackElo "2215"]

1.e4 c5 2.Nf3 d6 3.d4 Nf6 4.Nc3 cxd4 5.Nxd4 Nc6 6.Bg5 e6 7.Qd2 a6 8.O-O-O h6
9.Be3 Bd7 10.f3 b5 11.Bd3 Nxd4 12.Bxd4 b4 13.Ne2 e5 14.Be3 a5 15.g4 g6 16.h4 h5
17.g5 Ng8 18.f4 Ne7 19.fxe5 dxe5 20.Bc4 Nc6 21.Qd5 Qe7 22.Bc5 Qe6 23.Qd3 Bxc5
24.Bxe6 Bxe6 25.Qb5 Be3+ 26.Kb1 Rc8 27.Rd6 O-O 28.Rxc6 Bd7 29.Rxg6+  1-0

[Event "EUCup final (Women)"]
[Site "Wuppertal"]
[Date "1998.??.??"]
[Round "1"]
[White "Ciuksyte, Dagne"]
[Black "Prudnikova, Svetlana"]
[Result "1/2-1/2"]
[WhiteElo "2270"]
[BlackElo "2420"]

1.e4 c5 2.Nf3 Nc6 3.d4 cxd4 4.Nxd4 Nf6 5.Nc3 d6 6.Bg5 e6 7.Qd2 a6 8.O-O-O h6
9.Be3 Be7 10.f4 Nxd4 11.Bxd4 b5 12.Bd3 Bb7 13.Rde1 O-O 14.Kb1 b4 15.Nd1 a5
16.Rhg1 Nd7 17.g4 e5 18.Be3 exf4 19.Bxf4 Ne5 20.Ref1 Bg5 21.Ne3 Rc8 22.Nf5 Rc7
23.h4 Bxf4 24.Qxf4 Bc8 25.h5 Bxf5 26.exf5 Nxd3 27.cxd3 f6 28.Rc1 Re8 29.Rge1 Re5
30.d4 Rxe1 31.Rxe1 Re7 32.Re6 d5 33.Qe3 Rxe6 34.Qxe6+ Kf8 35.b3 Qe7 36.Qxe7+ Kxe7  1/2-1/2

[Event "Zadar op"]
[Site "Zadar"]
[Date "1998.??.??"]
[Round "4"]
[White "Fercec, Nenad"]
[Black "Palac, Mladen"]
[Result "0-1"]
[WhiteElo "2455"]
[BlackElo "2545"]

1.e4 c5 2.Nf3 Nc6 3.d4 cxd4 4.Nxd4 Nf6 5.Nc3 d6 6.Bg5 e6 7.Qd2 a6 8.O-O-O h6
9.Be3 Bd7 10.f4 Be7 11.Be2 b5 12.Bf3 Rc8 13.Kb1 Qc7 14.Ndxb5 axb5 15.Nxb5 Qa5
16.Nxd6+ Bxd6 17.Qxd6 Nb4 18.a3 Nxc2 19.Bb6 Qb5 20.Rd3 Nd5 21.Rxd5 exd5 22.exd5 h5
23.Bc7 Rh6 24.Qe5+ Kf8 25.Bd6+ Kg8 26.Bxh5 Re8 27.Be7  0-1

[Event "Zadar op"]
[Site "Zadar"]
[Date "1998.??.??"]
[Round "8"]
[White "Kutuzovic, Branko"]
[Black "Palac, Mladen"]
[Result "1/2-1/2"]
[WhiteElo "2425"]
[BlackElo "2545"]

1.e4 c5 2.Nf3 Nc6 3.d4 cxd4 4.Nxd4 Nf6 5.Nc3 d6 6.Bg5 e6 7.Qd2 a6 8.O-O-O h6
9.Be3 Be7 10.f3 Nxd4 11.Bxd4 e5 12.Be3 Be6 13.Kb1 Rc8 14.g4 Qa5 15.a3 Rxc3
16.Qxc3 Qxc3 17.bxc3 d5 18.exd5 Nxd5 19.Bd2 Nb6 20.Bc1 h5 21.h3 Na4 22.Bb2 hxg4
23.fxg4 Bxg4 24.hxg4 Rxh1 25.Bb5+ axb5 26.Rxh1 Bd6 27.Rh8+ Ke7 28.Ra8 e4
29.Bc1 Bc5 30.c4 Nb6 31.Ra7 Nxc4 32.Rxb7+ Ke6 33.Rxb5 e3 34.Rxc5 e2 35.Rxc4 e1=Q
36.Rb4 f6 37.g5 fxg5 38.Rg4 g6 39.Rxg5 Kf6 40.Rb5 Qe4 41.Bb2+ Kf7 42.Bc1 Ke6
43.Rg5 Kf6 44.Rb5 Qc4 45.Rg5 Qc6 46.Kb2 Qb7+ 47.Ka2 Qe4 48.Kb2  1/2-1/2

[Event "Zadar op"]
[Site "Zadar"]
[Date "1998.??.??"]
[Round "8"]
[White "Krstic, Uros"]
[Black "Jankovic, Branimir"]
[Result "0-1"]
[WhiteElo "2265"]
[BlackElo "2180"]

1.e4 c5 2.Nf3 Nc6 3.d4 cxd4 4.Nxd4 Nf6 5.Nc3 d6 6.Bg5 e6 7.Qd2 a6 8.O-O-O Bd7
9.f3 Be7 10.Kb1 Nxd4 11.Qxd4 Qa5 12.Qd2 h6 13.Be3 b5 14.Bd3 b4 15.Ne2 e5
16.Bc4 Qc7 17.Bb3 a5 18.g4 a4 19.Bd5 Nxd5 20.Qxd5 O-O 21.Qd2 Be6 22.g5 Qc4
23.b3 Qa6 24.Nc1 h5 25.Rhg1 g6 26.f4 exf4 27.Bd4 Rfc8 28.Bb2 axb3 29.axb3 Bf8
30.Qd4 Rc3 31.Qxb4 Bg7 32.Qxc3 Bxc3 33.Bxc3 Qc6 34.Bf6 Rc8 35.Rd2 Qxe4 36.Rgd1 Bf5
37.Nd3 f3 38.Kb2 d5 39.Re1 Qh4 40.Rf1 Be4 41.Ne5 Qf4 42.Rff2 Qe3 43.Nd3 d4
44.b4 Kf8 45.h4 Ke8 46.Rh2 Ra8 47.Kb1 Qg1+ 48.Nc1 Ra1+ 49.Kxa1 Qxc1+ 50.Ka2 Bd5+
51.c4 Bxc4+  0-1

[Event "Ardid mem 10th op"]
[Site "Zaragoza"]
[Date "1998.??.??"]
[Round "4"]
[White "Eslon, Jaan"]
[Black "Strikovic, Aleksa"]
[Result "0-1"]
[WhiteElo "2345"]
[BlackElo "2565"]

1.e4 c5 2.Nf3 Nc6 3.d4 cxd4 4.Nxd4 Nf6 5.Nc3 d6 6.Bg5 Bd7 7.Be2 Qa5 8.Bxf6 gxf6
9.Nb3 Qd8 10.O-O f5 11.Nd4 fxe4 12.Nxe4 Bg7 13.Nxc6 Bxc6 14.Bd3 Bxb2 15.Rb1 Bg7
16.Qg4 Be5 17.Bb5 h5 18.Bxc6+ bxc6 19.Qe2 d5 20.Ng5 Qd6 21.f4 Bf6 22.Kh1 Qd7
23.h3 Kf8 24.Qd3 Kg7 25.Rf3 h4 26.Re3 Rad8 27.Nf3 Rh5 28.Ne5 Bxe5 29.fxe5 Qe6
30.Qd4 c5 31.Qxc5 Rc8 32.Qxa7 Rxc2 33.Rg1 Rg5 34.Qd4 Rc4 35.Qa1 d4 36.Re4 d3
37.Rxc4 Qxc4 38.e6+ f6 39.a4 Qxe6 40.a5 Qd5 41.a6 Kf7 42.a7 Rg8  0-1

[Event "Ardid mem 10th op"]
[Site "Zaragoza"]
[Date "1998.??.??"]
[Round "5"]
[White "Kolev, Atanas"]
[Black "Campos Moreno, Javier B"]
[Result "1-0"]
[WhiteElo "2540"]
[BlackElo "2490"]

1.e4 c5 2.Nf3 Nc6 3.d4 cxd4 4.Nxd4 Nf6 5.Nc3 d6 6.Bg5 e6 7.Qd2 a6 8.O-O-O Nxd4
9.Qxd4 Be7 10.f3 Qc7 11.g4 b5 12.Qd2 Bb7 13.h4 Rc8 14.Bg2 O-O 15.Kb1 Rfd8
16.Ne2 a5 17.Nd4 b4 18.Be3 Nd7 19.Nb5 Qb8 20.Nxd6 Ne5 21.Nxc8 Rxd2 22.Nxe7+ Kf8
23.Bxd2 Kxe7 24.Bf4 f6 25.Rd2 Ba6 26.Re1 Qb7 27.b3 Bb5 28.Be3 Qa6 29.Bc5+ Kf7
30.f4 Ng6 31.h5 Nxf4 32.Be3 Ne2 33.Bd4 e5 34.Bb2 Nc3+ 35.Bxc3 bxc3 36.Rd5 Qb6
37.Bf1 Bc6 38.Rd3 Qc5 39.Ree3 a4 40.Rxc3 Qb6 41.a3  1-0

[Event "Ardid mem 10th op"]
[Site "Zaragoza"]
[Date "1998.??.??"]
[Round "6"]
[White "Baron Rodriguez, Jesus"]
[Black "Damljanovic, Branko"]
[Result "0-1"]
[WhiteElo "2350"]
[BlackElo "2540"]

1.e4 c5 2.Nf3 Nc6 3.d4 cxd4 4.Nxd4 Nf6 5.Nc3 d6 6.Bg5 e6 7.Qd2 a6 8.O-O-O Nxd4
9.Qxd4 Be7 10.f3 b5 11.h4 Qc7 12.g4 Rb8 13.Kb1 b4 14.Ne2 h5 15.gxh5 Nxh5
16.Qd2 e5 17.Bh3 Bxh3 18.Rxh3 g6 19.Bxe7 Kxe7 20.f4 Nf6 21.fxe5 dxe5 22.Rd3 Rhd8
23.Qg5 Rxd3 24.cxd3 Rh8 25.Ng3 Rc8 26.Qd2 a5 27.Rf1 Qd6 28.Rf3 a4 29.h5 Qc5
30.hxg6 fxg6 31.Ne2 a3 32.Rf1 Qd6 33.d4 axb2 34.Kxb2 exd4 35.Nxd4 Qc5 36.e5 Qc3+
37.Qxc3 bxc3+ 38.Kc2 Nd5 39.Rf3 g5 40.Nf5+ Ke6 41.Nd6 Rc6 42.Ne4 g4 43.Rg3 Kxe5
44.Nf2 Kf4 45.Rg1 Ne3+ 46.Kb3 c2 47.Nd3+ Ke4 48.Nc1 Kf3 49.Nd3 Rc8 50.Kb2 g3  0-1

[Event "Computerij op"]
[Site "Zwolle"]
[Date "1998.??.??"]
[Round "2"]
[White "Van den Doel, Erik"]
[Black "Werle, Jan"]
[Result "1-0"]
[WhiteElo "2485"]
[BlackElo "2195"]

1.e4 c5 2.Nf3 d6 3.d4 cxd4 4.Nxd4 Nf6 5.Nc3 Nc6 6.Bg5 e6 7.Qd2 a6 8.O-O-O h6
9.Be3 Be7 10.f4 Nxd4 11.Bxd4 b5 12.Kb1 b4 13.Na4 Nxe4 14.Qxb4 d5 15.Qe1 O-O
16.Bd3 f5 17.g4 Rb8 18.gxf5 exf5 19.Bxe4 fxe4 20.Rg1 Bf6 21.Qc3 Bf5 22.Bxf6 Qxf6
23.Rxd5 Qxc3 24.Nxc3 Rbe8 25.Kc1 Bc8 26.Ne2 Rf7 27.c4 Bb7 28.Rd6 e3 29.Rg3 Kf8
30.b4 Re4 31.Rd8+ Ke7 32.Rd4 Rxd4 33.Nxd4 Rxf4 34.Rxe3+ Kd6 35.c5+ Kd5 36.Nc2 Bc6
37.Kb2 Ba4 38.Rd3+ Ke5 39.Re3+ Kd5 40.Rd3+ Ke5 41.Ne1 Rxb4+ 42.Kc3 Rb8 43.Rd4 Bb5
44.Nf3+ Ke6 45.a4 Bf1 46.Rd6+ Ke7 47.Nd4 Rc8 48.Nc6+ Ke8 49.Kd4 Bg2 50.Nb4 a5
51.Nd5 Rd8 52.Nc7+ Ke7 53.Ke5 Rxd6 54.cxd6+ Kd7 55.Ne6 Bc6 56.Nc5+ Kd8 57.Ke6 g5
58.d7 Bxd7+ 59.Nxd7  1-0

[Event "Basel Hilton op"]
[Site "Basel"]
[Date "1999.01.02"]
[Round "3"]
[White "Pikula, Dejan"]
[Black "Greenfeld, Alon"]
[Result "0-1"]
[WhiteElo "2456"]
[BlackElo "2521"]

1.e4 c5 2.Nf3 Nc6 3.d4 cxd4 4.Nxd4 Nf6 5.Nc3 d6 6.Bg5 e6 7.Qd2 a6 8.O-O-O h6
9.Be3 Be7 10.f3 Nxd4 11.Bxd4 b5 12.Kb1 Rb8 13.Ba7 Rb7 14.Be3 Nd7 15.Qf2 Ne5
16.Bd4 Qa5 17.Qg3 b4 18.Qxg7 Ng6 19.h4 Bf8 20.Qf6 Rg8 21.Nd5 exd5 22.Bf2 Be6
23.Qd4 Bg7 24.Qd2 dxe4 25.b3 Qe5  0-1

[Event "Rilton Cup 9899"]
[Site "Stockholm"]
[Date "1999.01.02"]
[Round "5"]
[White "Bromann, Thorbjorn"]
[Black "Ornstein, Axel"]
[Result "1-0"]
[WhiteElo "2270"]
[BlackElo "2425"]

1.e4 c5 2.Nf3 d6 3.d4 cxd4 4.Nxd4 Nf6 5.Nc3 Nc6 6.Bg5 Qb6 7.Nb3 e6 8.Be2 Be7
9.O-O O-O 10.Bxf6 Bxf6 11.Qxd6 Rd8 12.Qc5 Qxc5 13.Nxc5 b6 14.Nd3 Nd4 15.e5 Be7
16.Rac1 Ba6 17.Nf4 Nxe2+ 18.Nfxe2 Rd2 19.Rfe1 Bc5 20.a3 Rc8 21.g3 g5 22.h3 Kg7
23.g4 Kg6 24.Kg2 Bb7+ 25.Kf1 Ba6 26.Red1 Rxd1+ 27.Nxd1 Bd4 28.c3 Bxe5 29.Ne3 Rd8
30.Rd1 Rxd1+ 31.Nxd1 f5 32.f3 Bg3 33.b4 Bb5 34.a4 Bxa4 35.Nb2 Bb5 36.c4 Bxc4
37.Nxc4 b5 38.Nxg3 bxc4 39.Nh5 Kf7 40.Ke2  1-0

[Event "Rilton Cup 9899"]
[Site "Stockholm"]
[Date "1999.01.03"]
[Round "6"]
[White "Borge, Nikolaj"]
[Black "Johansson, Gunnar"]
[Result "0-1"]
[WhiteElo "2455"]
[BlackElo "2220"]

1.e4 c5 2.Nf3 Nc6 3.d4 cxd4 4.Nxd4 Nf6 5.Nc3 d6 6.Bg5 e6 7.Qd2 a6 8.O-O-O h6
9.Be3 Bd7 10.f4 b5 11.Bd3 Qc7 12.Bxb5 axb5 13.Ndxb5 Qb8 14.Nxd6+ Bxd6 15.Qxd6 Qxd6
16.Rxd6 Ne7 17.Bc5 Bc6 18.Re1 O-O 19.e5 Nfd5 20.Nxd5 exd5 21.e6 f6 22.Rd7 Bxd7
23.exd7 Ng6 24.Bxf8 Kxf8 25.g3 Ne7 26.Re6 Nf5 27.b4 Rd8 28.Kb2 Rxd7 29.Rc6 Ke7
30.a4 Nd4 31.Rc8 Kd6 32.c3 Nf3 33.a5 Rc7 34.Rb8 Ra7 35.Ka3 Nd2 36.Ka4 Ne4
37.Rd8+ Rd7 38.Rc8 Rc7 39.Rxc7 Kxc7 40.b5 Nxc3+ 41.Kb4 Ne4 42.f5 h5 43.Kb3 Nd6
44.Kb4 d4 45.b6+ Kc6 46.Kb3 Kb5 47.Kc2 Kxa5  0-1

[Event "Trinec op"]
[Site "Trinec"]
[Date "1999.01.03"]
[Round "9"]
[White "Hitzgerova, Gabriela"]
[Black "Chernyshov, Konstantin"]
[Result "0-1"]
[WhiteElo "2210"]
[BlackElo "2485"]

1.e4 c5 2.Nf3 Nc6 3.d4 cxd4 4.Nxd4 Nf6 5.Nc3 d6 6.Bg5 e6 7.Qd2 a6 8.O-O-O h6
9.Be3 Nxd4 10.Bxd4 b5 11.f3 Bb7 12.g4 b4 13.Na4 Bc6 14.Nb6 Rb8 15.Nc4 d5
16.Ne5 Ba8 17.Qf4 Qc7 18.Bd3 Bd6 19.Kb1 dxe4 20.fxe4 Rf8 21.g5 Nd7 22.gxh6 Bxe5
23.Bxe5 Qxe5 24.Qxe5 Nxe5 25.hxg7 Rg8 26.Rhg1 Ng6 27.Rg5 Rxg7 28.h4 f6 29.Ra5 Ne5
30.Rxa6 Bc6 31.b3 Rh7 32.Rg1 Ke7 33.Ra7+ Rb7 34.Ra8 Rxh4 35.Rg7+ Kd6 36.Rd8+ Rd7
37.Rgxd7+ Nxd7 38.Kc1 Bxe4 39.Bxe4 Rxe4 40.a4 bxa3  0-1

[Event "Trinec op"]
[Site "Trinec"]
[Date "1999.01.03"]
[Round "9"]
[White "Jakubowski, Krzysztof"]
[Black "Walek, Milan"]
[Result "1/2-1/2"]
[WhiteElo "2235"]
[BlackElo "2295"]

1.e4 c5 2.Nf3 d6 3.d4 cxd4 4.Nxd4 Nf6 5.Nc3 Nc6 6.Bg5 e6 7.Qd2 a6 8.O-O-O h6
9.Bf4 Bd7 10.Nb3 e5 11.Bg3 g5 12.h4 Rg8 13.hxg5 hxg5 14.f3 Rc8 15.Kb1 b5
16.Bf2 Be6 17.g4 Nd7 18.Nd5 Bxd5 19.exd5 Ncb8 20.Bd3 Nb6 21.Bxb6 Qxb6 22.Bh7 Rg7
23.Bf5 Rc4 24.Rh8 Qc7 25.Qh2 Ke7 26.Rh1 Nd7 27.Bxd7 Qxd7 28.Na5 Rc5 29.Nc6+ Rxc6
30.dxc6 Qxc6 31.Qf2 Qb7 32.Qe3 Rg6 33.R8h5 Bg7 34.a3 Bf6 35.Qe4 Qc8 36.Rh7 Bg7
37.Qd5 Qb8 38.Rd1 Kf8 39.Rh2 Kg8 40.Qc6 Re6 41.Rhd2 Bf8 42.Qe4 Qd8 43.Rh2 Bg7
44.Rh5 Kf8 45.Rd3 Qf6 46.Rc3 Re8 47.Rc6 a5 48.Qf5 e4 49.Qxf6 Bxf6 50.fxe4 Rxe4
51.Rxd6 Kg7 52.Rd5 Rxg4 53.Rxb5 Rg1+ 54.Ka2 Kg6 55.Rh2 g4 56.Rxa5 Bg5 57.c4 g3
58.Rc2 f5 59.Ra8 Kf7 60.Ra7+ Kg6 61.Ra8 Kf7  1/2-1/2

[Event "Basel Hilton op"]
[Site "Basel"]
[Date "1999.01.04"]
[Round "7"]
[White "Ermeni, Avni"]
[Black "Barbero, Gerardo F"]
[Result "0-1"]
[WhiteElo "2275"]
[BlackElo "2477"]

1.e4 c5 2.Nf3 Nc6 3.d4 cxd4 4.Nxd4 Nf6 5.Nc3 d6 6.Bg5 e6 7.Qd2 a6 8.O-O-O Bd7
9.f4 b5 10.Nxc6 Bxc6 11.Bd3 Be7 12.e5 dxe5 13.fxe5 Nd7 14.Bxe7 Qxe7 15.Qf4 O-O
16.Ne4 Rad8 17.Rhe1 Bxe4 18.Bxe4 Nb6 19.Rd6 Nc4 20.Rxd8 Rxd8 21.a3 Nxa3 22.Bd3 Rxd3
23.cxd3 Qc5+ 24.Kd2 Qc2+ 25.Ke3 Qxb2 26.Kf3 Nc2 27.Rc1 h5 28.Kg3 Qc3 29.Qe4 b4
30.Qa8+ Kh7 31.Qe4+ g6 32.Rf1 Kg7 33.Rf3 Nd4 34.Rxf7+ Kxf7 35.Qb7+ Kg8 36.Kf4 Qd2+  0-1

[Event "Bad Zwesten op"]
[Site "Bad Zwesten"]
[Date "1999.01.05"]
[Round "6"]
[White "Shchekachev, Andrei"]
[Black "Langheinrich, Ferenc"]
[Result "1-0"]
[WhiteElo "2512"]
[BlackElo "2279"]

1.e4 c5 2.Nf3 d6 3.d4 cxd4 4.Nxd4 Nf6 5.Nc3 Nc6 6.Bg5 e6 7.Qd2 a6 8.O-O-O Bd7
9.f3 Be7 10.h4 b5 11.Nxc6 Bxc6 12.Bd3 Qb6 13.h5 b4 14.Ne2 a5 15.Kb1 a4 16.Be3 Qb7
17.Nd4 Bd7 18.g4 h6 19.Qe2 b3 20.cxb3 a3 21.bxa3 Rxa3 22.Rc1 O-O 23.g5 hxg5
24.Bxg5 Rfa8 25.Rc2 Qb4 26.Be3 e5 27.Nb5 Bxb5 28.Bxb5 d5 29.Bd2 Qd6 30.Bc1 R3a5
31.h6 g6 32.Bc6 Rd8 33.Rd1 d4 34.Bb5 Kh7 35.Rc6 Qb8 36.a4 Rf8 37.Bd2 Ra8
38.Rdc1 Ne8 39.f4 exf4 40.e5 Qd8 41.Bxf4 Bg5 42.Qe4 Bxf4 43.Qxf4 Qd5 44.Kb2 d3
45.Rd1 Qg2+ 46.Rd2  1-0

[Event "Tapolca op"]
[Site "Budapest"]
[Date "1999.01.08"]
[Round "1"]
[White "Szalanczy, Emil"]
[Black "Balogh, Viktor"]
[Result "1-0"]
[WhiteElo "2370"]
[BlackElo "2100"]

1.Nf3 c5 2.e4 d6 3.d4 cxd4 4.Nxd4 Nf6 5.Nc3 Nc6 6.Bg5 e6 7.Qd2 a6 8.O-O-O h6
9.Be3 Bd7 10.f3 Qc7 11.Kb1 b5 12.Bd3 b4 13.Nce2 d5 14.Nxc6 Bxc6 15.e5 Nd7
16.f4 Nb6 17.f5 exf5 18.Bxb6 Qxb6 19.Bxf5 Bc5 20.Nf4 Be3 21.Nxd5 Bxd5 22.Qxd5 O-O
23.Bd3 Rae8 24.Rhf1 Qc5 25.Qe4 g6 26.Bc4 Kg7 27.Rd7  1-0

[Event "ISR-chT"]
[Site "Israel"]
[Date "1999.01.08"]
[Round "1"]
[White "Stisis, Yaacov"]
[Black "Shmuter, Leonid"]
[Result "1-0"]
[WhiteElo "2375"]
[BlackElo "2505"]

1.e4 c5 2.Nf3 d6 3.d4 cxd4 4.Nxd4 Nf6 5.Nc3 Nc6 6.Bg5 Qb6 7.Nb3 e6 8.Qd2 Be7
9.Be2 O-O 10.Be3 Qc7 11.f4 a6 12.a4 b6 13.O-O Rd8 14.Bf3 Rb8 15.Qe2 Na5 16.Rad1 Nd7
17.Nd4 Nc4 18.Bc1 Bf6 19.e5 dxe5 20.Nc6 b5 21.Nxb8 Qxb8 22.axb5 axb5 23.Ne4 Be7
24.b3 Ncb6 25.fxe5 Qxe5 26.Ng5 b4 27.Qxe5 Nxe5 28.Rxd8+ Bxd8 29.Be4 f5 30.Nf3 Ng4
31.Bc6 Ba6 32.Re1 Nd5 33.h3 Bb6+ 34.Kh1 Nf2+ 35.Kh2 Ne4 36.Bxd5 exd5 37.Be3 Bc7+
38.Kg1 Nc3 39.Nd4 f4 40.Bf2 Ne4 41.Ra1 Nc5 42.Nf5  1-0

[Event "Troll Masters"]
[Site "Gausdal"]
[Date "1999.01.10"]
[Round "2"]
[White "Borge, Nikolaj"]
[Black "Ornstein, Axel"]
[Result "1-0"]
[WhiteElo "2455"]
[BlackElo "2425"]

1.e4 c5 2.Nf3 d6 3.d4 cxd4 4.Nxd4 Nf6 5.Nc3 Nc6 6.Bg5 Qb6 7.Nb3 e6 8.Bd3 Be7
9.Be3 Qc7 10.f4 a6 11.a4 b6 12.O-O Bb7 13.Qf3 Nb4 14.Qh3 g6 15.Nd4 e5 16.Nde2 O-O
17.f5 d5 18.Nxd5 Nbxd5 19.exd5 e4 20.Bxe4 Nxe4 21.fxg6 hxg6 22.Bd4 f5 23.Qh8+ Kf7
24.Rxf5+ Ke8 25.Rxf8+ Bxf8 26.Rf1 Qd6 27.Nf4 Kd7 28.Qh3+ Ke8 29.Qe3 Bxd5
30.Nxd5 Qxd5 31.Rf4  1-0

[Event "BL2-N9899"]
[Site "Germany"]
[Date "1999.01.10"]
[Round "4.2"]
[White "Lipinsky, Fabian"]
[Black "Joachim, Sven"]
[Result "1/2-1/2"]
[WhiteElo "2390"]
[BlackElo "2440"]

1.e4 c5 2.Nf3 Nc6 3.d4 cxd4 4.Nxd4 Nf6 5.Nc3 d6 6.Bg5 e6 7.Qd2 a6 8.O-O-O Nxd4
9.Qxd4 Be7 10.f4 b5 11.Bxf6 gxf6 12.Be2 Qc7 13.f5 Qc5 14.fxe6 fxe6 15.Qxc5 dxc5
16.Bh5+ Kf8 17.e5 f5 18.g4 b4 19.Ne2  1/2-1/2

[Event "Linares Anibal op"]
[Site "Linares"]
[Date "1999.01.10"]
[Round "3"]
[White "Holmsten, Aleksei"]
[Black "Van der Weide, Karel"]
[Result "1/2-1/2"]
[WhiteElo "2400"]
[BlackElo "2490"]

1.e4 c5 2.Nf3 Nc6 3.d4 cxd4 4.Nxd4 Nf6 5.Nc3 d6 6.Bg5 e6 7.Qd2 Be7 8.O-O-O O-O
9.f4 Nxd4 10.Qxd4 Qa5 11.Kb1 Rd8 12.Be2 Bd7 13.h4 Bc6 14.h5 h6 15.Bh4 b5
16.Bf3 b4 17.Ne2 e5 18.Qe3 Qb6 19.Qxb6 axb6 20.Ng3 Bd7 21.Bxf6 gxf6 22.Nf5 Bf8
23.Ne3 Be6 24.b3 exf4 25.Nd5 Bxd5 26.Rxd5 Ra3 27.Rh4 Rda8 28.Rxf4 Rxa2 29.Kc1 Rc8
30.Bd1 Be7 31.Rff5 Rc5  1/2-1/2

[Event "Linares Anibal op"]
[Site "Linares"]
[Date "1999.01.12"]
[Round "5"]
[White "Prasad, Devaki V"]
[Black "Fernandez Romero, Ernest"]
[Result "1-0"]
[WhiteElo "2405"]
[BlackElo "2195"]

1.e4 c5 2.Nf3 Nc6 3.d4 cxd4 4.Nxd4 Nf6 5.Nc3 d6 6.Bg5 e6 7.Qd2 a6 8.O-O-O h6
9.Be3 Be7 10.f4 Nxd4 11.Bxd4 b5 12.Kb1 Bb7 13.Bd3 Rc8 14.e5 dxe5 15.fxe5 Nd7
16.Ne4 Bxe4 17.Bxe4 Qc7 18.c3 O-O 19.Qe2 Rb8 20.Bc2 b4 21.cxb4 Rxb4 22.Qd3 g6
23.Qg3 Kg7 24.Rhf1 Nc5 25.Rf6  1-0

[Event "BL9899 (Women)"]
[Site "Germany"]
[Date "1999.01.17"]
[Round "8.4"]
[White "Barthel, Bergit"]
[Black "Kas Fromm, Rita"]
[Result "0-1"]
[WhiteElo "2101"]
[BlackElo "2225"]

1.e4 c5 2.Nf3 Nc6 3.d4 cxd4 4.Nxd4 Nf6 5.Nc3 d6 6.Bg5 e6 7.Qd2 a6 8.O-O-O h6
9.Bf4 Bd7 10.Nxc6 Bxc6 11.Qe1 Be7 12.Bxd6 Bxd6 13.e5 Nd5 14.Nxd5 Bxd5 15.exd6 Qxd6
16.Kb1 Qc6 17.f3 Rc8 18.Bd3 O-O 19.Qh4 b5 20.Rhe1 Qc7 21.Qh3 Qa5 22.b3 Qc3
23.Re2 Qf6 24.Qg3 Rc5 25.Be4 Bxe4 26.Rxe4 Rfc8 27.Re2 a5 28.Qd6 a4 29.Qd4 Rd5
30.Qg1 a3 31.c4 bxc4 32.Rc1 Rdd8 33.Qe3 cxb3 34.Rxc8 bxa2+ 35.Kxa2 Rxc8 36.Qe4 Qc3
37.f4 Rb8  0-1

[Event "Mermaid Beach Club"]
[Site "Bermuda"]
[Date "1999.01.25"]
[Round "5"]
[White "Nataf, Igor Alexandre"]
[Black "Gershon, Alik"]
[Result "1/2-1/2"]
[WhiteElo "2475"]
[BlackElo "2467"]

1.e4 c5 2.Nf3 d6 3.d4 Nf6 4.Nc3 cxd4 5.Nxd4 Nc6 6.Bg5 e6 7.Qd2 a6 8.O-O-O h6
9.Nxc6 bxc6 10.Bf4 d5 11.Qe3 Qa5 12.Be2 dxe4 13.Bc4 Qf5 14.g4 Nxg4 15.Qb6 Qxf4+
16.Kb1 Bd7 17.Rxd7 Kxd7 18.Rd1+ Ke7 19.Qxc6 Rd8 20.Qb7+ Ke8 21.Qc6+ Ke7 22.Qb7+ Ke8  1/2-1/2

[Event "Geneve op"]
[Site "Geneve"]
[Date "1999.01.30"]
[Round "8"]
[White "Meijers, Viesturs"]
[Black "Palac, Mladen"]
[Result "1/2-1/2"]
[WhiteElo "2418"]
[BlackElo "2589"]

1.e4 c5 2.Nf3 Nc6 3.d4 cxd4 4.Nxd4 Nf6 5.Nc3 d6 6.Bg5 e6 7.Qd2 a6 8.Be2 Bd7
9.O-O h6 10.Be3 Be7 11.Kh1 Rc8  1/2-1/2